| 000 | 00582nam a22001571 4500 | ||
|---|---|---|---|
| 082 | 0 | 0 |
_a515.354 _bNIX _cL-11, P-10 |
| 100 | 1 |
_aNixon, Floyd E. _939301 |
|
| 245 | 1 | 0 |
_aHandbook of Laplace transformation; _bfundamentals, applications, tables, and examples _cFloyd E. Nixon. |
| 250 | _a2d ed. | ||
| 260 |
_aEnglewood Cliffs, N.J., _bPrentice-Hall _c1963 |
||
| 300 |
_axii, 260 p. _billus. _c24 cm. |
||
| 500 | _a"Expansion of selected parts of the author's ... Principles of automatic controls." | ||
| 526 |
_a0 _b0 _c0 _d515_354000000000000_NIX |
||
| 650 | 0 |
_aMCE _9379 |
|
| 942 |
_2ddc _cBK |
||
| 999 |
_c543803 _d543803 |
||